000 00706cam a22002297a 4500
001 001002
003 armpunfd
005 20140612090627.0
008 011113s2000#xx#a##########000#0##nd#d
040 _aarmpunfd
_carmpunfd
080 _a342.4 (82) C 627
100 1 0 _a Ediciones Del Pais
245 1 0 _aConstitucion de la nacion argentina : leyes complementarias. tratados internacionales
260 _a Ciudad De Buenos Aires :
_b Ediciones Del Pais,
_c2000.
300 _a176 p.
650 7 _a Argentina
_2LEMB
650 7 _a Constitucion Nacional
_2LEMB
650 7 _a Constitucion
_2LEMB
650 7 _a Tratados Internacionales
_2LEMB
942 _cLB
_2cdu
945 _aCatalis
_d2010-08-19
999 _c993
_d231497